000 00699nam a2200205 a 4500
001 000016427
005 20250717125608.0
008 100305s1973 dr 000 0 spa d
040 _aDO-SdBNP
_bspa
_cBNPHU
082 _b649.1
_aS446e
110 2 _aSecretariado Arquidiocesano de Pastoral de Conjunto
_936620
245 1 3 _aLa educación de los hijos :
_b10 temas para asambleas familiares /
_cpresentación P. Príamo Tejada.
260 _aSanto Domingo, :
_bJosé Octavio Rodríguez Reyes,
_c1973.
300 _a79 p. ;
_c21 cm.
650 4 _aManejo de niños
_9799
650 4 _aPadres e hijos
_9796
650 0 _aEducación moral
_91607
700 1 _aTejada, Príamo
_cP.
_936621
049 _aBNPD
999 _c15962
_d15962